Key Concepts in Journalism Studies/ (Record no. 62947)

MARC details
000 -LEADER
fixed length control field 00492nam a22001457a 4500
005 - DATE AND TIME OF LATEST TRANSACTION
control field 20120215151531.0
020 ## - INTERNATIONAL STANDARD BOOK NUMBER
International Standard Book Number 8178296357
Terms of availability 000.00
035 ## - SYSTEM CONTROL NUMBER
System control number B-224892
245 ## - TITLE STATEMENT
Title Key Concepts in Journalism Studies/
260 ## - PUBLICATION, DISTRIBUTION, ETC. (IMPRINT)
Place of publication, distribution, etc New Delhi
Name of publisher, distributor, etc Vistaar Publications
Date of publication, distribution, etc 2006
300 ## - PHYSICAL DESCRIPTION
Extent XIX,362p.
Dimensions 22cms
700 ## - ADDED ENTRY--PERSONAL NAME
Personal name Hutnik, Stephen
9 (RLIN) 42168
942 ## - ADDED ENTRY ELEMENTS (KOHA)
Source of classification or shelving scheme Dewey Decimal Classification
Item type English Books
Classification part 070.4
Call number suffix KEY
Holdings
Withdrawn status Lost status Not for loan Collection code Home library Current library Date acquired Full call number Barcode Koha item type
      Non-fiction Sarojini Nagar Sarojini Nagar 16/02/2012 070.4 KEY B-224892 English Books

© Delhi Public Library
Hit Counter
free hit counter